[Event "7. Gibtelecom Masters"]
[Site "Caleta ENG"]
[Date "2009.01.30"]
[Round "4"]
[White "Sokolov, Ivan"]
[Black "Golod, Vitali"]
[Result "0-1"]
[WhiteElo "2657"]
[BlackElo "2575"]
[PlyCount "48"]
[EventDate "2009.01.27"]
[EventType "swiss"]
[EventRounds "10"]
[EventCountry "ENG"]
[Source "Mark Crowther"]
[SourceDate "2009.01.05"]

1. d4 Nf6 2. c4 e6 3. Nf3 d5 4. Nc3 dxc4 {D24: Angenommenes Damengambit} 5. e3
a6 6. a4 Bb4 7. Bxc4 b6 8. O-O Bb7 9. Qb3 $146 (9. Qe2 O-O 10. Rd1 Ne4 (10...
Nbd7 11. Bd3 c5 12. Na2 Ne4 13. Nxb4 cxb4 14. Ne1 Qf6 15. a5 e5 16. d5 Nec5 17.
e4 Nb3 18. Ra2 bxa5 19. Be3 {Banikas,H (2572)-Ghaem Maghami,E (2599)/Peking
2008/ 1/2-1/2}) 11. Qc2 Nd6 12. Bd3 Bxc3 13. bxc3 f5 14. Ba3 Rf6 15. Ne5 Rh6
16. f3 Qh4 17. g3 Qh5 18. Rf1 Nc6 19. Bc1 Nxe5 20. dxe5 Nf7 21. f4 Rd8 22. Rf2
g5 23. Ba3 gxf4 {Cnossen,W (2150)-Kitte,S (2285) 2003/0-1}) 9... Qe7 (9... Ba5
10. Rd1 Nbd7 11. d5 $11) 10. e4 (10. d5 Bxc3 11. dxe6 Bxf3 12. exf7+ Kf8 13.
bxc3 Bh5 $11) 10... Nxe4 11. Re1 (11. Nxe4 Bxe4 12. d5 exd5 13. Bxd5 Bxd5 14.
Qxd5 c6 $14) 11... Nc6 $11 12. Rxe4 (12. Nxe4 $143 Na5 13. Qa2 Nxc4 $15) 12...
Na5 13. Qc2 Nxc4 14. d5 Qc5 $2 (14... Na5 $142 15. Bg5 Qc5 $11) 15. dxe6 $4 (
15. Qb3 Nxb2 16. Rxb4 Nd3 $16) 15... O-O $4 (15... O-O-O $142 16. Be3 Nxe3 17.
Rxe3 fxe6 $17) 16. Rh4 $16 f5 17. Na2 (17. e7 $142 $5 Rfe8 18. Qb3 $16) 17...
Be4 (17... Ne5 18. Qb3 Nxf3+ 19. gxf3 $11) 18. Rxe4 fxe4 19. Qxe4 Rad8 $2 (
19... Rae8 20. Nxb4 Qxb4 21. Ng5 $11) 20. Bg5 (20. Bh6 $142 $1 Rf6 21. Nxb4 $16
) 20... Nd2 $11 21. Bxd2 Rxd2 22. Rf1 $4 (22. Nxd2 $142 Qxf2+ 23. Kh1 Bxd2 24.
h3 $11) 22... Rxb2 $19 23. Nc1 $4 (23. Nxb4 $142 Rxb4 24. Qd3 $19) 23... Rxf2
$1 24. Nd3 R2xf3+ (24... R2xf3+ 25. Nf2 Rxf2 26. h4 Re2+ 27. Kh2 Rxe4 28. Rxf8+
Kxf8 29. e7+ Kxe7 30. Kh3 Qf5+ 31. g4 Qf2 32. a5 Re3#) 0-1

[Event "Corus A"]
[Site "Wijk aan Zee NED"]
[Date "2009.01.22"]
[Round "5"]
[White "Van Wely, Loek"]
[Black "Radjabov, Teimour"]
[Result "1-0"]
[WhiteElo "2625"]
[BlackElo "2761"]
[PlyCount "61"]
[EventDate "2009.01.17"]
[EventType "tourn"]
[EventRounds "13"]
[EventCountry "NED"]
[EventCategory "19"]
[Source "Mark Crowther"]
[SourceDate "2009.01.05"]

1. d4 Nf6 2. c4 g6 3. Nc3 Bg7 4. e4 d6 5. Nf3 O-O 6. Be2 e5 7. O-O Nc6 8. d5
Ne7 {E97: Königsindisch (Klassisches System)} 9. b4 Nh5 10. Re1 f5 11. Ng5 Nf6
12. f3 Kh8 13. Rb1 h6 14. Ne6 Bxe6 15. dxe6 fxe4 16. fxe4 Nc6 17. Nd5 Ng8 18.
Bd3 Nd4 19. Qg4 g5 20. h4 $146 (20. Qh3 c6 21. Ne3 Qf6 22. Ng4 Qe7 23. Be3 Nxe6
24. g3 Qd7 25. Rf1 d5 26. Rf5 dxc4 27. Bxc4 Nd4 28. Rxf8 Rxf8 29. Qh5 Qd6 30.
Kg2 b5 31. Bf7 Nc2 32. Bc5 Qd2+ 33. Nf2 Nf6 34. Qg6 Ng4 {Ponomariov,R (2734)
-Radjabov,T (2624)/Wijk aan Zee 2003/0-1}) 20... Nf6 21. Qg3 gxh4 (21... Nxe6
$5 22. hxg5 Nxd5 (22... Nxg5 $143 23. Bxg5 hxg5 24. Qxg5 $16) 23. exd5 Nxg5 $11
) 22. Qxh4 $14 Nxe6 23. Bxh6 Kg8 (23... Nh7 24. Bxg7+ Kxg7 25. Qg4+ Nhg5 26.
Rf1 $14) 24. Qh3 $16 Bxh6 (24... Qd7 $5 25. Bxg7 Kxg7 $16) 25. Qxh6 $18 (25.
Qxe6+ $6 Kg7 $11) 25... c6 26. Re3 Kf7 $4 (26... cxd5 27. Rg3+ Kf7 28. exd5 Rh8
29. dxe6+ Kxe6 $18) 27. Rf1 $18 cxd5 28. exd5 Ke7 (28... Nf4 29. Rxf4 Ke7 $18)
29. dxe6 Kxe6 30. Ref3 a5 (30... b5 31. Be4 bxc4 32. Bxa8 c3 33. Qh3+ Ke7 34.
Rxf6 Rxf6 35. Rxf6 Qb6+ 36. Rf2 c2 $18) 31. Be4 (31. Be4 axb4 32. Rxf6+ Rxf6
33. Bd5+ Kd7 34. Rxf6 $18) 1-0

[Event "Corus A"]
[Site "Wijk aan Zee"]
[Date "2009.01.17"]
[Round "1"]
[White "Karjakin, Sergey"]
[Black "Morozevich, Alexander"]
[Result "1-0"]
[WhiteElo "2706"]
[BlackElo "2771"]
[PlyCount "51"]
[EventDate "2009.01.17"]
[EventType "tourn"]
[EventRounds "13"]
[EventCountry "NED"]
[EventCategory "19"]
[Source "Mark Crowther"]
[SourceDate "2009.01.05"]

{B48: Sizilianisch (Paulsen-Variante)} 1. e4 c5 2. Nf3 e6 3. d4 cxd4 4. Nxd4
Nc6 5. Nc3 Qc7 6. Be3 a6 7. Qd2 Nf6 8. O-O-O Be7 9. f3 O-O 10. g4 b5 11. g5 Ne8
12. h4 Ne5 (12... Bb7 13. h5 Nxd4 14. Bxd4 Rc8 15. Kb1 b4 16. Na4 Bxg5 17. Qg2
h6 18. Bd3 d6 19. Rhg1 e5 20. Bf2 a5 21. Nb6 Rb8 22. Bc4 Kh8 23. Qf1 Nf6 24.
Qd3 Rfd8 25. Qb3 Bc6 26. Nd5 Bxd5 27. Bxd5 {Gelfand,B (2693)-Karpov,A (2682)/
Tallinn 2005/0-1}) 13. Kb1 Bb7 14. h5 $146 (14. Rh3 Rd8 15. f4 Nc4 16. Bxc4
Qxc4 17. Qg2 b4 18. Nce2 Nd6 19. Ng3 Nxe4 20. Nxe4 Qd5 21. Nf6+ gxf6 22. Qxd5
Bxd5 23. Nf5 exf5 24. gxf6 Bxf6 25. Rxd5 Rfe8 26. Kc1 Re6 27. Rxf5 h6 28. h5
Kh7 {Salgado Lopez,I (2456)-Korneev,O (2565)/Benasque 2007/1/2-1/2}) (14. Qf2
Rc8 15. Nb3 f5 16. Bb6 Qb8 17. Ba7 Qa8 18. Bd4 Bd6 19. Nc5 fxe4 20. N3xe4 Bxc5
21. Nxc5 Bxf3 {Hoeksema,E (2323)-Rotstein,A (2496)/Groningen 2008/ 0-1}) 14...
Rc8 15. Qg2 b4 16. Na4 f5 17. gxf6 Nxf6 18. Bd3 (18. Be2 Rf7 19. h6 g6 $14)
18... Rf7 (18... Nxd3 $143 19. cxd3 Rce8 20. Rc1 $14) 19. b3 Rcf8 20. Rdg1 Ne8
(20... Kh8 21. Qe2 $14) 21. Rh3 (21. Be2 Nf6 $14) 21... Bf6 22. Nb2 (22. Be2
$14) 22... Nc6 (22... Nd6 23. Qg3 $11) 23. Nxc6 $14 Qxc6 $4 (23... Bxc6 24. Nc4
Kh8 $18) 24. Nc4 (24. e5 $142 Bxe5 25. Nc4 Bc3 $18) 24... d5 $4 (24... Bc3 $142
25. h6 g6 $18) 25. exd5 exd5 (25... Qxd5 26. h6 g5 27. Bxg5 Qxg5 28. Rg3 (28.
Qxg5+ $6 Bxg5 29. Rh5 Kh8 30. Rhxg5 Rd7 $18) 28... Qxg3 29. Qxg3+ Kh8 30. Ne5
$18) 26. h6 (26. h6 dxc4 27. Bxh7+ Kxh7 (27... Kh8 28. hxg7+ Rxg7 29. Be4+ Kg8
30. Bxc6 Bxc6 31. Qh2 Rxg1+ 32. Qxg1+ Ng7 33. Bd4 Bb5 34. Rg3 Bxd4 35. Qxd4 Rf7
36. Qd8+ Rf8 37. Qd5+ Rf7 38. bxc4 Ba4 39. c5 Bd7 40. c6) 28. hxg7+ Kg8 29.
Rh8#) 1-0

[Event "7. Parsvnath Open"]
[Site "Barakhamba Roa"]
[Date "2009.01.11"]
[Round "1"]
[White "Ibrayev, Nurlan"]
[Black "Hetul, Shah"]
[Result "0-1"]
[WhiteElo "2407"]
[BlackElo "1817"]
[PlyCount "88"]
[EventDate "2009.01.04"]
[EventCountry "IND"]
[Source "Mark Crowther"]
[SourceDate "2009.01.05"]

1. e4 e5 2. Nf3 Nc6 3. Bb5 a6 4. Ba4 Nf6 5. O-O Be7 6. Re1 b5 7. Bb3 d6 8. c3
O-O 9. h3 Na5 10. Bc2 c5 11. d4 Qc7 12. Nbd2 cxd4 {C99: Spanische Partie 
(Tschigorin-System)} 13. cxd4 Bd7 14. Nf1 Rfc8 15. Ne3 Nc6 16. a3 Bf8 (16... a5
17. Nd5 Qd8 18. Nxe7+ Qxe7 19. b3 Nh5 20. Bg5 f6 21. Be3 b4 22. d5 Nd8 23. axb4
axb4 24. Rxa8 Rxa8 25. Qd2 Nb7 26. Qxb4 Nc5 27. Qc3 Rc8 28. Qd2 Rb8 29. Rb1 Qe8
30. g4 Nf4 31. Bxf4 {Hracek,Z (2615)-Kunte,A (2505)/Koszalin 1998/1-0}) (16...
Nxd4 17. Nxd4 exd4 18. Qxd4 d5 19. Bb3 Bc5 20. Qd2 dxe4 21. Nd5 Nxd5 22. Bxd5
e3 23. fxe3 Bc6 24. b4 Rd8 25. bxc5 Rxd5 26. Qf2 Rxc5 27. Bb2 Be4 28. Rac1 f6
29. Qf4 Rxc1 30. Rxc1 Qxf4 31. exf4 {Leenaerts,R-Postny,E (2616)/2007/0-1}) 17.
b3 $6 {Das fuehrt zu einem Loch auf c3 und Shah nutzt das sofort aus.} Nxd4 18.
Nxd4 Qc3 19. Ne2 $2 $146 {Der GM gibt den Turm, in der Hoffnung die Dame
fangen zu können.} (19. Rb1 Qxd4 20. Qf3 Be6 21. Re2 Rc7 22. Bb2 Qa7 23. Rd1
Rac8 24. Rdd2 Nd7 25. Bd1 Nb6 26. Qg3 f6 27. Re1 Rd8 28. f4 Nd7 29. Kh1 exf4
30. Qxf4 Ne5 31. Nd5 Rcc8 32. Re3 Kh8 33. Rg3 Qf7 {Szily,J-Bisguier,A (2430)/
Helsinki 1952/1/2-1/2}) (19. Ra2 $142 Qxd4 20. Qf3 $15) 19... Qxa1 $19 20. Qd2
(20. Qd3 d5 21. exd5 a5 $19) {Im Moment gibt es für die Dame keinen Ausweg aus
ihrem Gefängnis. Anderseits bindet sie auch viele weisse Steine. Schwarz
unternimmt jetzt eine Befreiungsaktion.} 20... d5 21. b4 $2 {Das führt zu noch
grösseren Problemen.} (21. Nxd5 Nxd5 22. exd5 a5 $19) 21... d4 22. Nd1 (22. Nd5
Nxd5 23. exd5 a5 $19) 22... Rxc2 $1 23. Qxc2 Rc8 24. Qd2 (24. Qb2 Qxb2 25. Nxb2
Nxe4 $19) 24... Nxe4 (24... Qb1 25. Ndc3 Qb3 26. Nxd4 Qxc3 27. Qxc3 Rxc3 28.
Ne2 $19) 25. Qd3 Nd6 (25... Rxc1 $6 26. Nxc1 Bf5 27. Qe2 Qxc1 28. Ne3 $19) 26.
Bb2 Qa2 27. f4 Qc4 (27... Bf5 28. Qf3 e4 29. Qf1 $19) 28. Qb1 {Schwarz hat nun
zwei Bauern mehr und steht auf Gewinn. Aber kann ein 9-jähriger diese Stellung
gegen einen GM zum Gewinn führen? ---- Er kann!} (28. Nf2 Bf5 29. Qd2 f6 $19)
28... d3 (28... f6 29. fxe5 fxe5 30. Qc1 $19) 29. Ne3 Qe4 (29... dxe2 30. Nxc4
bxc4 31. Bxe5 $18) 30. Nc3 Qxf4 (30... Qg6 $142 31. fxe5 Nc4 32. Nxc4 bxc4 33.
Re3 $19) 31. Ncd5 (31. Qxd3 Qg3 32. Rf1 $19) 31... Qg3 32. Nf1 Qg6 33. Bxe5 Nc4
34. Nf4 (34. Bc3 Bxh3 35. Nf4 Qb6+ 36. Kh1 Bf5 $19) 34... Qb6+ 35. Kh1 Nxe5 36.
Rxe5 Bd6 (36... Qd4 $142 37. Nxd3 Rc3 $19) 37. Re4 (37. Rd5 Bxf4 38. Rxd7 $19)
37... Bc6 38. Qc1 Qb7 39. Re1 Bxg2+ $1 40. Nxg2 Rxc1 41. Rxc1 Bf4 (41... f5
$142 42. Rd1 Qf3 $19) 42. Rc3 d2 43. Rd3 h6 44. Kg1 (44. Nxd2 Bxd2 45. Rxd2 $19
) 44... Qb6+ (44... Qb6+ 45. Kh1 Qf2 46. Nxd2 Bxd2 47. Rd8+ Kh7 $19) 0-1

[Event "Masters"]
[Site "Hastings ENG"]
[Date "2009.01.02"]
[Round "6"]
[White "Gordon, Stephen J"]
[Black "Berg, Emanuel"]
[Result "0-1"]
[WhiteElo "2521"]
[BlackElo "2623"]
[PlyCount "30"]
[EventDate "2008.12.28"]
[EventType "swiss"]
[EventRounds "9"]
[EventCountry "ENG"]
[Source "Mark Crowther"]
[SourceDate "2009.01.05"]

1. d4 d5 2. c4 e5 {D08: Albins Gegengambit} 3. dxe5 d4 4. Nf3 Nc6 5. a3 Nge7 6.
b4 Ng6 7. b5 $146 (7. Bb2 a5 8. b5 Ncxe5 9. Bxd4 Nxc4 (9... Nxf3+ 10. gxf3 Be6
11. Nc3 Bxc4 12. e3 Bxf1 13. Kxf1 Qd7 14. h4 Ne7 15. Qb3 Qe6 16. Qxe6 fxe6 17.
Be5 O-O-O 18. h5 Nf5 19. Ke2 Bd6 20. f4 Rd7 21. Bxd6 Nxd6 22. Rhd1 Rf8 23. Rd4
Rf5 24. a4 {Matlakov,M (2484)-Chuprov,D (2577)/Novokuznetsk 2008/1/2-1/2}) 10.
e3 Nd6 (10... Be6 11. Qc2 Nd6 12. Bd3 Nh4 13. Nxh4 Qxh4 14. O-O Be7 15. Nd2 O-O
16. f4 Rad8 17. a4 Ne8 18. Nf3 Qh6 19. Rad1 Nf6 20. Qxc7 Nd5 21. Qc1 Bg4 22.
Be4 Qe6 23. Qb1 g6 24. h3 Bxf3 25. Rxf3 {Sargissian,G (2651)-Slobodjan,R (2525)
/Dresden 2007/1/2-1/2}) 11. Qc2 Nf5 12. Bb2 Bd6 13. Nbd2 O-O 14. Bd3 Nfh4 15.
Qc3 Nxf3+ 16. Nxf3 f6 17. Qc2 Qe8 18. h4 Kh8 19. Ng5 fxg5 20. hxg5 Kg8 21.
O-O-O Be5 {Jankovic,A (2548)-Trent,L (2470)/Harkany HUN 2008/1-0}) (7. Bb2 $142
$5 $14) 7... Ncxe5 $11 8. Nxd4 (8. Bb2 Bc5 $15) 8... Bc5 $15 9. Bb2 (9. e3 Bg4
10. Qd2 Nh4 $19) 9... Qh4 (9... Nxc4 $5 10. Bc3 Qh4 $17) 10. e3 $15 Bg4 11. Qc2
O-O-O 12. Be2 $2 (12. Nd2 Rhe8 13. N2b3 Bxd4 14. Bxd4 $15 (14. Nxd4 $143 Nf4
15. Rd1 Bxd1 16. Kxd1 Ne6 $17)) 12... Bxe2 $19 13. Qxe2 (13. Kxe2 Bxd4 14. Qf5+
Kb8 15. Bxd4 Rxd4 $19) 13... Bxd4 14. Bxd4 (14. exd4 Nf4 15. g3 Ned3+ 16. Kd2
Nxb2 17. gxh4 Rxd4+ 18. Kc3 Nxe2+ 19. Kxb2 Rxc4 $19) 14... Rxd4 15. exd4 (15.
O-O Rd3 16. c5 $19) 15... Qxd4 (15... Qxd4 16. O-O Qxa1 $19) 0-1